000 01003nam a2200253Ia 4500
003 OSt
005 20221005104955.0
006 a|||||r|||| 00| 0
007 ta
008 221004b |||||||| |||| 00| 0 hin d
020 _a8185999198 (hbk)
_c450
024 _a99354
037 _b376, 04/03/2010, Swaraj Prakashan
_cTextual
040 _aCRL
_cCRL
_bhin
041 _2hin
_ahin
082 _aO152,1N5:g, P7
100 _aपालीवाल, कृष्णदत्त
245 0 _aनवजागरण देशी स्वच्छंदतावाद और नयी काव्यधारा
246 _aNavajāgaraṇ deshī svachchhandatāvād aur nayī kāvyadhārā
260 _aदिल्ली
_bस्वराज प्रकाशन भारत
_c1997
300 _a259पृ0
_ccm.
942 _hO152,1N5:g, P7
_cTEXL
_2cc
999 _c1014346
_d1014346